00986cam a22002654a 450000500170000000800410001701000140005802000270007203500130009903700130011204000080012510000200013324500940015326000410024730000320028850000200032050400410034065000400038165000440042165000410046565000420050694200170054899900170056595201380058220090520130108.0090121s2009 ii g b 001 0 eng  aENG-95571 a9788184050448c1100.00 aEN-79104 aDBAD/PUB aDPL aJoseph, Teresa, aReporting nuclear Pakistan :bsecurity perceptions and the Indian press /cTeresa Joseph. aNew Delhi :bReference Press,c2009. axviii, 391 p. ;c23 cm.(Hb) aIncludes index. aIncludes bibliographical references  aNuclear weaponszPakistanxTesting. aNuclear weaponsxPress coveragezIndia. aSecurity, InternationalzSouth Asia. aMass mediaxPolitical aspectszIndia. 2ddccENmJOS c32119d32119 00102ddc40718NFICaDBADbDBADd2009-11-30eDBAD / PUBg1100.00l0oJOSpEN-79104r2009-12-04 00:00:00t1v1100.00w2009-12-04yEN